Statistics for Famous "Tons"

Click here to take the quiz!

General Stats

  • This quiz has been taken 98 times
  • The average score is 13 of 20

Answer Stats

ClueAnswer% Correct
First American PresidentGeorge Washington
99%
Former First Lady who ran for President in 2016Hillary Clinton
95%
His laws of motion explain how the planets moveIsaac Newton
92%
Friends star and Brad Pitt's exJennifer Aniston
89%
"The Bodyguard" star who died in 2012Whitney Houston
87%
Royal bride of 2011Kate Middleton
85%
Famously well-endowed female country singerDolly Parton
75%
Twice married to Elizabeth TaylorRichard Burton
75%
Founding Father who lost a duel to Aaron BurrAlexander Hamilton
71%
"My New BFF" host whose first name is ParisParis Hilton
69%
British guitarist who sang "Wonderful Tonight"Eric Clapton
64%
He starred both as Batman and BirdmanMichael Keaton
61%
Founder of Walmart, once the world's richest personSam Walton
55%
James Bond of the 1980'sTimothy Dalton
52%
French fashion designer after whom his company is namedLouis Vuitton
51%
British commander who defeated the above at WaterlooDuke of Wellington
48%
"Fight Club" actorEdward Norton
48%
Actor who portrayed Walter White (Heisenberg)Bryan Cranston
47%
Hockey player who started Canada's biggest coffee chainTim Horton
45%
Cotton Club band leader, called the greatest jazz composer of all-timeDuke Ellington
25%

Score Distribution

Percentile by Number Answered

Percent of People with Each Score

Your Score History

You have not taken this quiz